000
00293nam a2200109 4500
008
160624b xxu||||| |||| 00| 0 eng d
100
_9
933
_a
Blyton, G
245
_a
The Mystery of Holly Lane
260
_a
Lon
_b
Harper Collins Pub.
_c
1992
300
_a
The Mystery of Holly Lane
942
_2
ddc
_c
BK
999
_c
743
_d
743